| 000 | 00985nam a22003017a 4500 | ||
|---|---|---|---|
| 001 | BR7908130 | ||
| 003 | BR-BrBNA | ||
| 005 | 20230928090334.0 | ||
| 007 | ta | ||
| 008 | 230509b bl.||||| |||| 00| 0 por d | ||
| 040 |
_aBR-BrBNA _bpor _cBiblioteca Nacional de Agricultura |
||
| 041 | _a(Por) | ||
| 072 |
_aE30; E15 _b/G514 |
||
| 090 | _ E30 BR7908130 | ||
| 100 | 1 | _aMarinho, A.P.P. | |
| 110 | 1 |
_aSuperintendencia do Desenvolvimento do Nordeste, Recife, PE (Brasil). Assessoria de Industria e Comercio _910141 |
|
| 245 | 1 | _aPosicao dos projetos aprovados industriais e agropecuarios. Situacao em 1978 e ate 1978 (precos constantes)[Regiao Nordeste, Brasil] | |
| 260 | 3 |
_aRecife, PE (Brasil): _c1979. |
|
| 300 | _a83 p. | ||
| 500 | _aNumerical data | ||
| 650 | _aPROJETO DE DESENVOLVIMENTO | ||
| 650 | _aPROJETO AGRICOLA | ||
| 650 | _aPROJETO INDUSTRIAL | ||
| 650 | _aINVESTIMENTO | ||
| 650 | _aREGIAO NORDESTE | ||
| 909 |
_a202309 _bLucia _c55 _dLucia Elande |
||
| 942 | _cBK | ||
| 999 |
_c28488 _d28488 |
||